Subnautica Creatures - Statistics

General Stats
  • This quiz has been taken 52 times
    11 since last reset
  • The average score is 33 of 112
Answer Stats
Picture Hint Answer % Correct
Flora Acid Mushroom
100%
Scavenger/Parasite Floater
75%
Carnivore Ampeel
63%
Herbivore Boomerang
63%
Carnivore Crashfish
63%
Herbivore Cuddlefish
63%
Leviathan Ghost Leviathan
63%
Leviathan Ghost Leviathan Juvenile
63%
Herbivore Peeper
63%
Leviathan Reaper Leviathan
63%
Leviathan Reefback Leviathan
63%
Leviathan Reefback Leviathan Juvenile
63%
Carnivore Sand Shark
63%
Leviathan Sea Dragon Leviathan
63%
Leviathan Sea Emperor Leviathan
63%
Leviathan Sea Emperor Leviathan Baby
63%
Leviathan Sea Emperor Leviathan Juvenile
63%
Leviathan Sea Treader Leviathan
63%
Carnivore Stalker
63%
Carnivore Warper
63%
Carnivore Biter
50%
Herbivore Bladderfish
50%
Scavenger/Parasite Bleeder
50%
Carnivore Boneshark
50%
Flora Chinese Potato Plant
50%
Carnivore Crabsnake
50%
Carnivore Crabsquid
50%
Herbivore Garryfish
50%
Herbivore Holefish
50%
Herbivore Hoverfish
50%
Carnivore Mesmer
50%
Herbivore Reginald
50%
Scavenger/Parasite Ancient Floater
38%
Coral Brain Coral
38%
Flora Bulbo Tree
38%
Scavenger/Parasite Cave Crawler
38%
Flora Creepvine
38%
Flora Deep Shroom
38%
Herbivore Gasopod
38%
Flora Gel Sack
38%
Herbivore Ghostray
38%
Coral Giant Coral Tubes
38%
Herbivore Hoopfish
38%
Flora Jellyshroom
38%
Flora Lantern Tree
38%
Flora Marblemelon Plant
38%
Herbivore Oculus
38%
Herbivore Rabbit Ray
38%
Herbivore Spadefish
38%
Coral Table Coral
38%
Flora Tiger Plant
38%
Flora Anchor Pods
25%
Scavenger/Parasite Blood Crawler
25%
Flora Bloodvine
25%
Flora Blue Palm
25%
Herbivore Eyeye
25%
Flora Ghost Weed
25%
Herbivore Jellyray
25%
Carnivore Lava Lizard
25%
Herbivore Red Eyeye
25%
Flora Sea Crown
25%
Flora Sulfur Plant
25%
Scavenger/Parasite Amoeboid
13%
Carnivore Blighter
13%
Flora Blood Grass
13%
Flora Bloodroot
13%
Flora Bulb Bush
13%
Flora Cave Bush
13%
Herbivore Crimson Ray
13%
Flora Eye Stalk
13%
Flora Fern Palm
13%
Flora Furled Papyrus
13%
Flora Gabe's Feather
13%
Flora Grub Basket
13%
Flora Jaffa Cup
13%
Scavenger/Parasite Lava Larva
13%
Herbivore Magmarang
13%
Flora Membrain Tree
13%
Flora Ming Plaint
13%
Flora Redwort
13%
Carnivore River Prowler
13%
Scavenger/Parasite Rockgrub
13%
Scavenger/Parasite Shuttlebug
13%
Herbivore Skyray
13%
Herbivore Spinefish
13%
Flora Spotted Dockleaf
13%
Flora Tree Leech
13%
Coral Tree Mushroom
13%
Flora Veined Nettle
13%
Flora Violet Beau
13%
Flora Voxel Shrub
13%
Flora Brine Lily
0%
Coral Coral Shell Plate
0%
Flora Crab Claw Kelp
0%
Flora Drooping Stingers
0%
Coral Earthen Coral Tubes
0%
Flora Giant Cove Tree
0%
Minor Flora Grue Cluster
0%
Minor Flora Jordi's Tung
0%
Flora Pink Cap
0%
Flora Purple Pinecone
0%
Flora Pygmy Fan
0%
Coral Pyrocoral
0%
Flora Regress Shell
0%
Flora Roue Cradle
0%
Coral Slanted Shell Plate
0%
Flora Speckled Rattler
0%
Flora Spiked Horn Grass
0%
Minor Flora Spotted Reeds
0%
Minor Flora Treespawn
0%
Coral Veined Shell Plate
0%
Flora Writing Weed
0%
No matching quizzes found
Score Distribution
Percent of People with Each Score
Percentile by Number Answered
Your Score History
You have not taken this quiz since the last reset